Sports Quiz

Random Sports or NHL Quiz

Big 4 Teams Venn Diagram Quiz Stats

 Plays Quiz Updated Aug 1, 2018

Challenge
Share
Tweet
Score 0/8 Timer 02:00
4 Plays Today
% Correct
Chicago Bulls
89.2%
Miami Dolphins
85.7%
St. Louis Cardinals
83.8%
LA Angels
81.2%
Anaheim Ducks
81.1%
Baltimore Ravens
80.2%
Atlanta Hawks
79.8%
Orlando Magic
79%

You're not logged in!

Compare scores with friends on all Sporcle quizzes.
OR
Log In

You Might Also Like...

Show Comments

Extras

Top Quizzes Today


Score Distribution

Your Account Isn't Verified!

In order to create a playlist on Sporcle, you need to verify the email address you used during registration. Go to your Sporcle Settings to finish the process.

Report this User

Report this user for behavior that violates our Community Guidelines.

Details: